| 000 | 01029nam a2200205Ia 4500 | ||
|---|---|---|---|
| 999 |
_c37728 _d37728 |
||
| 001 | 3703 | ||
| 003 | GE_BSU | ||
| 005 | 20221031103642.0 | ||
| 008 | 181216s1990ru xx |||||||||||||| ||rus|| | ||
| 040 | _cGE_BSU | ||
| 041 | _arus | ||
| 080 | _a341+338.48 Б-67 | ||
| 100 |
_aБарчукова Н.С. _915659 |
||
| 245 |
_aПравовое регулирование международного туризма на многосторонней основе. _bУчебное пособие / _c Н.С. Барчукова. |
||
| 264 |
_aМосква : _bИзд-во ун-та дружбы народов, _c1990. |
||
| 300 |
_a81 с.: _b 21 см. |
||
| 653 | _aПравовое регулирование международного туризма на многосторонней основе. | ||
| 653 | _aსაერთაშორისო ტურიზმის სამართლებრივი რეგულირება მრავალმხრივ საფუძველზე. | ||
| 942 |
_cBK _2udc |
||